The Map of Africa in 1880 - Before the Scramble - Statistics

General Stats
  • This quiz has been taken 117 times
    8 since last reset
  • The average score is 14 of 628
Answers on the Map
Answers color-coded by a green-red scale on the quiz's map according to % correct below.
 
Answer Stats
Answer % Correct
Khedivate of Egypt
88%
France
75%
Spain
63%
Tunisia
63%
UK
63%
Ethiopia
50%
Ottoman Empire
50%
Portugal
50%
South African Republic / Transvaal
50%
Sultanate of Morocco
50%
Republic of Liberia
38%
Swazi Kingdom
38%
Fula
25%
Momba
25%
Mwamiate of Rwanda
25%
Orange Free State
25%
Sultanate of Zanzibar
25%
Sultanates of Grand Comore
25%
Zululand
25%
Aari
13%
Bale Kingdoms (Oromo)
13%
Bena
13%
Buganda
13%
Bushi Kingdom
13%
Bushiru
13%
Châamba Confederation
13%
Chokwe Kingdom
13%
Dahomey
13%
Dar al-Kuti
13%
Emirate of Harar
13%
Isaaq Sultanate
13%
Iwellemmedan
13%
Jimma
13%
Jolof
13%
Kako
13%
Kakongo
13%
Kanem-Bornu Sheikhdom
13%
Kingdom of Benin
13%
Kingdom of Imerina
13%
Kong Empire
13%
Maasai
13%
Maravi Confederation
13%
Mareko
13%
Maruku
13%
Mbedé-Nzabi
13%
Mbukushu
13%
Mbunga
13%
Mwamiate of Burundi
13%
Nuer
13%
Oromo
13%
Rip
13%
Rito
13%
Rungwa
13%
San
13%
Sokoto Caliphate
13%
Sultanate of Beni Shangul
13%
Timbuktu
13%
We
13%
Welega Kingdoms (Oromo)
13%
Ababua
0%
Abamiate of Busozo
0%
Adamaya Emirate
0%
Adélé
0%
Adja
0%
Ahion
0%
Akan
0%
Aka (Pygmy)
0%
Akebou
0%
Akela
0%
Akpakip
0%
Alur Kingdom
0%
Ambo
0%
Antakarana Kingdom
0%
Antandroy
0%
Anuak
0%
Anufo
0%
Anziku Kingdom
0%
Aro Confederacy
0%
Arsi Kingdoms
0%
Ashanti Empire
0%
Asosa
0%
Aushi
0%
Babaie
0%
Babira
0%
Baboma
0%
Babugombe
0%
Babunda
0%
Badia
0%
Badinga
0%
Bahuana
0%
Bailundo
0%
Bajwe
0%
Baka
0%
Bakaya
0%
Bakgalagadi
0%
Bakgatla
0%
Bakole
0%
Bakota
0%
Bakum
0%
Bakuti
0%
Bakwe
0%
Bakwele
0%
Bakwena
0%
Bakweri
0%
Bakwese
0%
Balanta
0%
Balengue
0%
Balesa
0%
Balete
0%
Baloi
0%
Balolo
0%
Balua
0%
Baluri
0%
Bamangwato
0%
Bambala
0%
Bambara
0%
Bamboko
0%
Bambura
0%
Bamum Kingdom
0%
Bandaka
0%
Bando
0%
Bangala
0%
Banguelima
0%
Bangwa
0%
Bangwaketse
0%
Bankushtu
0%
Banyarwanda
0%
Banza
0%
Banziri
0%
Baol
0%
Baoulé Kingdom
0%
Bapende
0%
Bapere
0%
Bapoto
0%
Baruka
0%
Barumbi
0%
Basenge
0%
Basketo
0%
Basongo-Meno
0%
Bassa
0%
Basuku
0%
Batawana
0%
Batitu
0%
Batlhaping
0%
Bayanzi
0%
Beilul
0%
Bélédougou
0%
Bemba Kingdom
0%
Bench
0%
Bergdama
0%
Bete
0%
Bimaal Sultanate
0%
Biru Sultanate
0%
Bisa
0%
Bobo
0%
Bokala
0%
Bolia Kingdom
0%
Bomba Songo
0%
Bombesa
0%
Bongo
0%
Bonguili
0%
Booli
0%
Borgu Kingdoms
0%
Bosaka
0%
Bosha
0%
Bouna Kingdom
0%
Brakna Emirate
0%
Bubi-Benga
0%
Budja
0%
Bugabo
0%
Buhoma
0%
Bukanga
0%
Bukara
0%
Bukunzi
0%
Bundu
0%
Buramo
0%
Burji
0%
Bushingo
0%
Busoga Chiefdoms
0%
Buyungu
0%
Chagga
0%
Chamba
0%
Chewa
0%
Chuabo
0%
Cyingogo
0%
Dagara
0%
Damergou
0%
Damga
0%
Dan & Toura
0%
Dar Banda
0%
Dar Erenga
0%
Darfur
0%
Dar Gimr
0%
Dar Masalit
0%
Dar Runga
0%
Dar Sila
0%
Dar Tama
0%
Dasanach (Marille)
0%
Dengese
0%
Dhulbahante (Faarax Garaad)
0%
Dhulbahante (Maxamuud Garaad)
0%
Djougou
0%
Doko
0%
Dosso
0%
Duala
0%
Dumhoeta
0%
Ebira
0%
Egba
0%
Eki
0%
Ekiti
0%
Ekoi
0%
Elinga
0%
Embu
0%
Emirate of Adrar
0%
Eshira
0%
Eton
0%
Ewe
0%
Fang
0%
Fingoland
0%
Fipa
0%
Fitta
0%
Fogny
0%
Free Republic of Rehoboth
0%
Fruta Toro
0%
Fulanis
0%
Futa Jallon
0%
Galekaland
0%
Gamo
0%
Gando
0%
Ganguela Peoples
0%
Gaza Empire
0%
Gbayas
0%
Gbete
0%
Gciriku
0%
Geledi Sultanate
0%
Gera
0%
Gio
0%
Goba'ad
0%
Gobir
0%
Gobu
0%
Godie
0%
Goffas
0%
Gogo
0%
Gombe
0%
Gomma
0%
Gonja
0%
Gourara Tigourarin
0%
Gourma Kingdom
0%
Gouro
0%
Gourounsi
0%
Grebo
0%
Guidimakha
0%
Gumma
0%
Gunjur
0%
Gunu
0%
Gurate
0%
Gurunsi
0%
Gwere
0%
Gwiriko Kingdom
0%
Gyaman
0%
Gyele
0%
Habr Awal
0%
Habr Je'lo
0%
Hanya
0%
Hawadle Clan
0%
Hele
0%
Hera
0%
Herero
0%
Heru
0%
Hiraab Imamate
0%
Hobyo Sultanate
0%
Holo
0%
Humbi-Onene
0%
Hungu
0%
Ibadan
0%
Ibibio
0%
Idaw 'Aish
0%
Igala
0%
Ijebu
0%
Ijesa
0%
Ijo Kingdoms
0%
Ikizu
0%
Ikoma
0%
Illubabor
0%
Imragen
0%
Indénié
0%
Ipanga
0%
Iramba
0%
Irangi
0%
Iraqw
0%
Isubu
0%
Itcha
0%
Ivohibe
0%
Iyembe
0%
Jatenga
0%
Jumbe
0%
Kabadougou
0%
Kabale
0%
Kabende
0%
Kabulwebulwe
0%
Kaffa
0%
Kahare
0%
Kajoor
0%
Kalenjin
0%
Kamba
0%
Kambwili
0%
Kaonde
0%
Karamojong
0%
Kasanje
0%
Kaya
0%
Kebye
0%
Kel Adagh
0%
Kelafo Sheikhdom
0%
Kel Ahaggar
0%
Kel Ajjer
0%
Kel Ayr
0%
Kel Gres
0%
Kel Owey
0%
Kénédougou
0%
Kerewe
0%
Ketu
0%
Khoman
0%
Kiang
0%
Kikuyu
0%
Kilenje
0%
Kilimanjaro Corridor Peoples
0%
Kimbu
0%
Kinga
0%
Kingdom of Barotseland (Lozi)
0%
Kingdom of Barue
0%
Kingdom of Dagbon
0%
Kingdom of Kongo
0%
Kingdom of Luango
0%
Kingdom of Tegali
0%
Kingdom of Wala
0%
Kitatu
0%
Kiyanja
0%
Kiziba
0%
Koalla
0%
Kokomba
0%
Komosha
0%
Kono
0%
Konongo
0%
Koranko
0%
Kpelle
0%
Kposo
0%
Kran
0%
Krim-Gola
0%
Krou
0%
Kru
0%
Kuba Kingdom
0%
Kumam
0%
Kundi
0%
Kundu
0%
Kuria
0%
Kutu
0%
Kwangali
0%
Kwaya
0%
Kwere
0%
Laaroussien
0%
Lala
0%
Lamba
0%
Landouma
0%
Leele Kingdom
0%
Lefa
0%
Lenje
0%
Leqa Naqamte
0%
Libolo
0%
Lima
0%
Limba
0%
Limmu Enerea
0%
Liptako
0%
Lobala
0%
Logone-Massenya
0%
Loma
0%
Luano
0%
Luba Federation
0%
Luguru
0%
Luhya
0%
Lukala
0%
Lukko
0%
Lukolwe
0%
Lunda Confederation
0%
Luos
0%
Luvale Kingdoms
0%
Mabale
0%
Mabi
0%
Mabinza
0%
Mabudu
0%
Majerteen Sultanate
0%
Maka
0%
Makere
0%
Makondes
0%
Makua Chiefdoms
0%
Malete
0%
Malinke (Ouorodougou)
0%
Malunda
0%
Mambrungu
0%
Mambwe
0%
Mandara Sultanate
0%
Mang anja
0%
Mangbetu
0%
Mano
0%
Manyika
0%
Maradi
0%
Marakwet
0%
Marka
0%
Masaha
0%
Matamba Ndongo
0%
Matengo
0%
Maungwe
0%
Mbari
0%
Mbele (Krech)
0%
Mbochi
0%
Mbole
0%
Mbum
0%
Mbunda Kingdom
0%
Mbunza
0%
Mbwela
0%
Medje
0%
Mekhadama
0%
Mende
0%
Meru
0%
Mijikenda
0%
Mina
0%
Minor Azande Chiefdoms
0%
Mirambo
0%
Mobango
0%
Mobati
0%
Mongo
0%
Moroncu
0%
Mossi States
0%
Mpo
0%
Mpondoland
0%
Mthwakazi (Ndebele Kingdom)
0%
Muhambwe
0%
Mungo
0%
Murle
0%
Mutapa State
0%
Mutondo
0%
Muzumbu a Kalunga
0%
Mwali Sultanate
0%
Mwamiate of Bahavu
0%
Mwamiate of Buzinja
0%
Mwamiate of Indorwa
0%
Mwamiate of West Ussuwi
0%
Mwanza
0%
Mwanza of Banyarwanda
0%
Mwera
0%
Nago
0%
Nama
0%
Ndamba
0%
Ndzuwami Sultanate
0%
Neyo
0%
Ngalangi
0%
Ngbaka
0%
Ngbandi
0%
Ngiriboma
0%
Ngoni
0%
Ngoni Kingdom
0%
Nguindo
0%
Ngulu
0%
Ngumba
0%
Ngumbi
0%
Ngurimi
0%
Ngyeme
0%
Nhiya
0%
Nhowe
0%
Niani
0%
Niapu
0%
Niumi
0%
Njemps
0%
Nogoyo
0%
Nri
0%
Nsonso
0%
Ntomba
0%
Nyakusa
0%
Nyamwanga
0%
Nyaneka
0%
Nyanza Chiefdoms
0%
Nyasa-Tonga
0%
Nyaturu
0%
Nyole
0%
Nzkara Kingdom
0%
Okandé
0%
Okpe
0%
Okumakahiate Bunyoro
0%
Omugabeiate of Ihangiro
0%
Omuhamiate of East Ussuwi
0%
Omukamaiate of Karagwe
0%
Omukamaiate of Koori
0%
Omukamaiate of Nkore
0%
Ondo
0%
Onilahy
0%
Orlam
0%
Oroko-Akose
0%
Orungu
0%
Other Beni Hassan
0%
Oueld Delim
0%
Oueld Tidrarin
0%
Ouled Bou Sbaa
0%
Ovambo Kingdoms
0%
Oyo
0%
Pakao
0%
Pangwa
0%
Peoples of the Jos Plateau
0%
Pimbwe
0%
Pokot
0%
Popoie
0%
Posgoro
0%
Rabih az-Zubayr's Dominions
0%
Rafai (Zanda)
0%
Raheyta
0%
Reguibat
0%
Rendille
0%
Rolong
0%
Rufljll
0%
Rungu
0%
Sabe
0%
Safwa
0%
Sagara
0%
Sakalava
0%
Saloum
0%
Samburu
0%
Samia
0%
Samo
0%
Sanaga
0%
Sango
0%
Sangu
0%
Sanwi
0%
Sapo
0%
Sara
0%
Savalu
0%
Séke
0%
Senas
0%
Senussiyya Order
0%
Shambaa
0%
Shambyu
0%
Sheikh of Quitanagonha
0%
Sheikh of Sancul
0%
Sheikh of Sangage
0%
Sherbro
0%
Silte
0%
Sine
0%
Soli
0%
Somalis
0%
Songhay Peoples
0%
Sso
0%
Suba
0%
Subiya
0%
Sukuma
0%
Sultanate Habr Yunis
0%
Sultanate of Adar
0%
Sultanate of Angoche
0%
Sultanate of Aussa
0%
Sultanate of Bagirmi
0%
Sultanate of Damagaram
0%
Sultanate of Gubba
0%
Sultanate of Utetera (Tippu Tip)
0%
Susu
0%
Swaka
0%
Tadjourah
0%
Tagant Emirate
0%
Tamberma
0%
Tati Concession Land
0%
Teke Kingdom
0%
Tekna Confederation
0%
Tem
0%
Tembuland
0%
Temne
0%
Tenda
0%
Tenkodogo
0%
Tepes
0%
Tery Sultanate
0%
Teso
0%
Tessaoua
0%
Tharaka
0%
Tidikelt
0%
Tidjakant
0%
Tidjaniya Caliphate
0%
Tikar
0%
Tonga Chiefdoms
0%
Tonga State (Mweemba)
0%
Touat
0%
Trarza Emirate
0%
Tumbuka
0%
Tungi Sultanate
0%
Turkana
0%
Ubena
0%
Ujiji
0%
Unyanyembe
0%
Vidunda
0%
Viye
0%
Vute
0%
Wadai Empire
0%
Walese
0%
Wambu
0%
Wanda
0%
Wanga
0%
Wangata
0%
Wanianga
0%
Warri
0%
Warsangeli
0%
Wassoulou Empire (Samori)
0%
Wituland
0%
Wogodogo
0%
Wolaita
0%
Wovea
0%
Wukari Federation
0%
Wull
0%
Wungu
0%
Xesibeland
0%
Yamma
0%
Yao Sultanate
0%
Yeke Kingdom (Msiri)
0%
Yelima
0%
Zanaki
0%
Zarma Kingdons
0%
Zemba
0%
Zemio (Zande)
0%
Zigua
0%
No matching quizzes found
Score Distribution
Percent of People with Each Score
Percentile by Number Answered
Your Score History
You have not taken this quiz since the last reset